Cristologia e antropologia: Quale rapporto?
| Κύριος συγγραφέας: | |
|---|---|
| Τύπος μέσου: | Εκτύπωση Άρθρο |
| Γλώσσα: | Ιταλικά |
| Έλεγχος διαθεσιμότητας: | HBZ Gateway |
| Interlibrary Loan: | Interlibrary Loan for the Fachinformationsdienste (Specialized Information Services in Germany) |
| Έκδοση: |
2010
|
| Στο/Στη: |
Teologia
Έτος: 2010, Τόμος: 35, Τεύχος: 3, Σελίδες: 499-504 |
| Τυποποιημένες (ακολουθίες) λέξεων-κλειδιών: | B
Χριστολογία
/ Θεολογική ανθρωπολογία
|
| Σημειογραφίες IxTheo: | NBE Ανθρωπολογία NBF Χριστολογία |
MARC
| LEADER | 00000caa a22000002c 4500 | ||
|---|---|---|---|
| 001 | 1646787803 | ||
| 003 | DE-627 | ||
| 005 | 20241002184325.0 | ||
| 007 | tu | ||
| 008 | 160405s2010 xx ||||| 00| ||ita c | ||
| 035 | |a (DE-627)1646787803 | ||
| 035 | |a (DE-576)467486328 | ||
| 035 | |a (DE-599)BSZ467486328 | ||
| 040 | |a DE-627 |b ger |c DE-627 |e rakwb | ||
| 041 | |a ita | ||
| 084 | |a 1 |2 ssgn | ||
| 100 | 1 | |0 (DE-588)173543707 |0 (DE-627)698455274 |0 (DE-576)13438802X |4 aut |a Trabucco, Giovanni |d 1960- | |
| 109 | |a Trabucco, Giovanni 1960- | ||
| 245 | 1 | 0 | |a Cristologia e antropologia |b Quale rapporto? |
| 264 | 1 | |c 2010 | |
| 336 | |a Text |b txt |2 rdacontent | ||
| 337 | |a ohne Hilfsmittel zu benutzen |b n |2 rdamedia | ||
| 338 | |a Band |b nc |2 rdacarrier | ||
| 652 | |a NBE:NBF | ||
| 689 | 0 | 0 | |d s |0 (DE-588)4010141-1 |0 (DE-627)106359606 |0 (DE-576)20888615X |2 gnd |a Christologie |
| 689 | 0 | 1 | |d s |0 (DE-588)4059766-0 |0 (DE-627)106142321 |0 (DE-576)209132183 |2 gnd |a Theologische Anthropologie |
| 689 | 0 | |5 (DE-627) | |
| 773 | 0 | 8 | |i In |t Teologia |d Milano : Glossa, 1976 |g 35(2010), 3, Seite 499-504 |w (DE-627)166764094 |w (DE-600)303046-5 |w (DE-576)015202550 |x 1120-267X |7 nnas |
| 773 | 1 | 8 | |g volume:35 |g year:2010 |g number:3 |g pages:499-504 |
| 935 | |a mteo | ||
| 951 | |a AR | ||
| ELC | |b 1 | ||
| ITA | |a 1 |t 1 | ||
| LOK | |0 000 xxxxxcx a22 zn 4500 | ||
| LOK | |0 001 3320249231 | ||
| LOK | |0 003 DE-627 | ||
| LOK | |0 004 1646787803 | ||
| LOK | |0 005 20160405161419 | ||
| LOK | |0 008 160404||||||||||||||||ger||||||| | ||
| LOK | |0 040 |a DE-Tue135 |c DE-627 |d DE-Tue135 | ||
| LOK | |0 092 |o n | ||
| LOK | |0 852 |a DE-Tue135 | ||
| LOK | |0 852 1 |9 00 | ||
| LOK | |0 935 |a ixzs |a ixmi | ||
| LOK | |0 936ln |0 1442051787 |a NBF | ||
| LOK | |0 936ln |0 144205168X |a NBE | ||
| LOK | |0 939 |a 04-04-16 |b l01 | ||
| ORI | |a SA-MARC-ixtheoa001.raw | ||
| STA | 0 | 0 | |a Christology,Theological anthropology,Anthropology |
| STB | 0 | 0 | |a Anthropologie théologique,Christologie |
| STC | 0 | 0 | |a Antropología teológica,Cristología |
| STD | 0 | 0 | |a Antropologia teologica,Cristologia |
| STE | 0 | 0 | |a 基督论,神学人论 |
| STF | 0 | 0 | |a 基督論,神學人論 |
| STG | 0 | 0 | |a Antropologia teológica,Cristologia |
| STH | 0 | 0 | |a Богословская антропология,Христология |
| STI | 0 | 0 | |a Θεολογική ανθρωπολογία,Χριστολογία |
| SYG | 0 | 0 | |a Anthropologie,Christliche Anthropologie,Theologie |